000 00408nmm a2200157Ia 4500
008 251105s9999||||xx |||||||||||||||||und||
041 _aspa
100 _aRaye Harris, Lynn
245 0 _aHeredero perdido
264 _a[Madrid, España] :
_bHarlequin,
_c2011
300 _a160 páginas
490 _aBianca
650 _aRomance
856 _uhttps://public.digitaliapublishing.com/a/49978
942 _cCF
999 _c98544
_d98544